[Event "Reykjavik Open 2015"]
[Site "Reykjavik ISL"]
[Date "2015.03.13"]
[Round "5.46"]
[White "Welling, Gerard"]
[Black "Kenney, Jason"]
[Result "1/2-1/2"]
[WhiteTitle "IM"]
[WhiteElo "2355"]
[BlackElo "2104"]
[WhiteFideId "1000446"]
[BlackFideId "2606690"]
[EventDate "2015.03.10"]

1. e4 c6 2. d4 d5 3. e5 Bf5 4. c3 e6 5. Be3 Nd7 6. Nd2 c5 7. dxc5 Bxc5 8. Bxc5
Nxc5 9. Bb5+ Kf8 10. Nb3 Qc7 11. Qd4 Rc8 12. Nf3 Nxb3 13. axb3 a6 14. Bd3 Ne7
15. O-O Bxd3 16. Qxd3 g6 17. Rfe1 Nc6 18. Ra4 Kg7 19. Rf4 Qe7 20. h4 h6 21. Re3
Rhf8 22. Nd4 Nxd4 23. Qxd4 Qc5 24. Qd2 Rfd8 25. Ref3 Rc7 26. Rd4 a5 27. Rf6 b5
28. h5 g5 29. f4 b4 30. fxg5 bxc3 31. gxh6+ Kh8 32. bxc3 Qxc3 33. Qxc3 Rxc3 34.
Rxf7 Rg8 35. Rdf4 Rc1+ 36. Kh2 Rc2 37. Rg7 Rxg7 38. hxg7+ Kxg7 39. Rf6 Re2 40.
Rxe6 d4 41. Rd6 Rxe5 42. Rxd4 Rxh5+ 43. Kg3 Rb5 44. Rd3 Rb4 45. Kf3 a4 46. bxa4
Rxa4 1/2-1/2

[Event "Reykjavik Open 2015"]
[Site "Reykjavik ISL"]
[Date "2015.03.13"]
[Round "5.47"]
[White "Miller, David"]
[Black "Vuilleumier, Alexandre"]
[Result "0-1"]
[BlackTitle "IM"]
[WhiteElo "2066"]
[BlackElo "2349"]
[WhiteFideId "2608634"]
[BlackFideId "1305662"]
[EventDate "2015.03.10"]

1. e4 c6 2. d4 g6 3. Nf3 Bg7 4. Nc3 d5 5. e5 Bg4 6. h3 Bxf3 7. Qxf3 e6 8. Be3 a6
9. O-O-O Qc7 10. Bd3 c5 11. dxc5 Nd7 12. Bb5 Ne7 13. Bg5 Nc6 14. Nxd5 exd5 15.
e6 O-O 16. Bxc6 fxe6 17. Bxd7 Rxf3 18. Bxe6+ Kh8 19. gxf3 Qe5 20. Rxd5 Qxb2+ 21.
Kd2 Qc3+ 22. Ke2 Re8 23. Be3 Qc4+ 24. Kd1 Qxa2 25. Re1 Bc3 26. Rd2 Rxe6 27. Rd8+
Kg7 28. Bd4+ Bxd4 29. Rxe6 Qxe6 0-1

[Event "Reykjavik Open 2015"]
[Site "Reykjavik ISL"]
[Date "2015.03.13"]
[Round "5.48"]
[White "Cummings, David H."]
[Black "Risting, Eivind Olav"]
[Result "1-0"]
[WhiteTitle "IM"]
[WhiteElo "2345"]
[BlackElo "2100"]
[WhiteFideId "2603578"]
[BlackFideId "1517333"]
[EventDate "2015.03.10"]

1. d4 e6 2. c4 f5 3. Nc3 Nf6 4. e3 c6 5. Bd3 d5 6. Qc2 Bd6 7. cxd5 cxd5 8. Nb5
Bb4+ 9. Bd2 Bxd2+ 10. Qxd2 O-O 11. f3 a6 12. Nc3 Nc6 13. Nge2 b5 14. O-O Qb6 15.
Kh1 Bb7 16. Nf4 Rfe8 17. Qf2 Na5 18. Nce2 Nc4 19. b3 Nd6 20. Qg3 b4 21. Rac1 a5
22. h4 a4 23. h5 Nf7 24. Rc2 axb3 25. axb3 Re7 26. Qh4 Nh6 27. Rg1 e5 28. dxe5
Rxe5 29. Nd4 Rxe3 30. Nxf5 Nxf5 31. Bxf5 d4 32. Bd3 Ra5 33. Rgc1 Rxd3 34. Qg3
Qd6 35. Rc7 Nxh5 36. Qg4 Rd1+ 37. Rxd1 Qxc7 38. Nxh5 Qe7 39. Rxd4 Qe1+ 40. Kh2
Qe5+ 41. Ng3 h5 42. Rd8+ Kh7 43. Qc4 Rd5 44. f4 Qe7 45. Rxd5 Qh4+ 46. Kg1 Bxd5
47. Qxd5 Qxg3 48. Qxh5+ Kg8 49. Qe8+ Kh7 50. Qe4+ Kh8 51. Qxb4 Qe3+ 52. Kh2 Qf2
53. Qe4 Qh4+ 54. Kg1 Qd8 55. b4 Qd1+ 56. Kh2 Qh5+ 57. Kg3 Qb5 58. f5 Qb8+ 59.
Kg4 Qb6 60. Qe8+ Kh7 61. Qg6+ 1-0

[Event "Reykjavik Open 2015"]
[Site "Reykjavik ISL"]
[Date "2015.03.13"]
[Round "5.49"]
[White "Djurhuus, Eivind X"]
[Black "Haug, Johannes"]
[Result "1-0"]
[BlackTitle "FM"]
[WhiteElo "2077"]
[BlackElo "2339"]
[WhiteFideId "1515721"]
[BlackFideId "1509268"]
[EventDate "2015.03.10"]

1. c4 Nf6 2. Nc3 d5 3. cxd5 Nxd5 4. g3 g6 5. Bg2 Nxc3 6. bxc3 Bg7 7. h4 h6 8.
Rb1 Nd7 9. Nf3 c5 10. O-O O-O 11. d3 Qc7 12. Bd2 e5 13. Qc1 Kh7 14. Be3 f5 15.
h5 gxh5 16. Nh4 Rf6 17. f4 Nf8 18. Rb5 Ne6 19. Nxf5 a6 20. Nxg7 Qxg7 21. Rb1
Qxg3 22. Rf3 Qg7 23. fxe5 Rg6 24. Qf1 b5 25. Rf7 Rxg2+ 26. Qxg2 Qxf7 27. Qxa8
Bb7 28. Qb8 Qg7+ 29. Kf2 Qg2+ 30. Ke1 Qh1+ 31. Kd2 Qxb1 32. Qxb7+ Kg6 33. Qe4+
Kg7 34. Qd5 Qb2+ 35. Kd1 Qa1+ 36. Bc1 Nf8 37. e6 Kf6 38. Qf3+ Kxe6 39. Qxf8 Qxc3
40. Qxh6+ Kd7 41. Qxa6 b4 42. Qb7+ Ke6 43. Qe4+ Kf6 44. Qh4+ Ke6 45. Qxh5 b3 46.
Qg6+ 1-0

[Event "Reykjavik Open 2015"]
[Site "Reykjavik ISL"]
[Date "2015.03.13"]
[Round "5.50"]
[White "Rosner, Jonas"]
[Black "Van den Bersselaar, Jeroen"]
[Result "1-0"]
[WhiteTitle "FM"]
[WhiteElo "2324"]
[BlackElo "2083"]
[WhiteFideId "24608513"]
[BlackFideId "1006282"]
[EventDate "2015.03.10"]

1. e4 c6 2. d4 d5 3. Nd2 dxe4 4. Nxe4 Bf5 5. Ng3 Bg6 6. h4 h6 7. Nf3 Nd7 8. h5
Bh7 9. Bd3 Bxd3 10. Qxd3 e6 11. Bd2 Ngf6 12. O-O-O Be7 13. Kb1 Qb6 14. c4 Rd8
15. Qc2 Qa6 16. Rde1 b5 17. c5 O-O 18. Ne5 Nb8 19. Be3 Rd5 20. Ne4 Qa4 21. Qxa4
bxa4 22. Nc3 Rdd8 23. Nxa4 Nd5 24. Nc3 Bf6 25. Nc4 Nxc3+ 26. bxc3 Nd7 27. f4 Be7
28. Kc2 Nf6 29. Ne5 Rc8 30. Bd2 Rfd8 31. g4 Nd7 32. Nc4 Nf6 33. Rhg1 Rc7 34. Rg2
Rd5 35. Bc1 Bf8 36. Ne5 Kh7 37. Nd3 Kh8 38. Bb2 Rd8 39. c4 Be7 40. Bc3 Rb8 41.
g5 Nxh5 42. Rh1 1-0

[Event "Reykjavik Open 2015"]
[Site "Reykjavik ISL"]
[Date "2015.03.13"]
[Round "5.51"]
[White "Hitzler, Philipp"]
[Black "Hald, Jens Erik Kofoed"]
[Result "1/2-1/2"]
[WhiteElo "2315"]
[BlackElo "2069"]
[WhiteFideId "4658930"]
[BlackFideId "1401840"]
[EventDate "2015.03.10"]

1. d4 d6 2. Nf3 Nf6 3. c4 g6 4. Nc3 Bg7 5. Bg5 O-O 6. e3 Nbd7 7. Be2 e5 8. dxe5
dxe5 9. Qc2 c6 10. O-O h6 11. Bh4 Qe7 12. Nd2 Re8 13. Rfd1 Nf8 14. a3 Bf5 15. e4
Bd7 16. b4 Ne6 17. Nb3 Nf4 18. Bf1 g5 19. Bg3 Rad8 20. Rd2 N6h5 21. Na4 Bc8 22.
Rad1 Nxg3 23. hxg3 Ne6 24. c5 Rxd2 25. Rxd2 Rd8 26. Nb2 Nd4 27. Nxd4 exd4 28.
Bd3 Be6 29. Rd1 h5 30. Bc4 Bc8 31. Re1 g4 32. Nd3 h4 33. gxh4 Qxh4 34. g3 Qh7
35. Kg2 Rf8 36. Qd2 Bf6 37. Qb2 Bg7 38. e5 Rd8 39. Qe2 Rf8 40. e6 fxe6 41. Bxe6+
Bxe6 42. Qxe6+ Rf7 43. Re4 Qf5 44. Qxf5 Rxf5 45. Kf1 Rh5 46. Kg2 Rg5 47. Re7 Rf5
48. Kf1 Rh5 49. Rxb7 Rh1+ 50. Ke2 Ra1 51. Rxa7 Ra2+ 52. Kd1 Bh6 53. Ne5 d3 54.
Ra8+ Kg7 55. Ra7+ Kg8 56. Ra8+ Kg7 57. Ra7+ Kg8 58. Nxd3 Rd2+ 59. Ke1 Rxd3 60.
Ra6 Bc1 61. Rxc6 Bxa3 62. Rg6+ Kf7 63. Rxg4 Rb3 64. Ke2 Bxb4 65. Rc4 Ba5 66. c6
Rb8 67. f4 Bc7 68. Rd4 Rc8 69. Kf3 Ke6 70. Ke4 Bxf4 71. Kxf4 Rxc6 72. Kg5 Kf7
73. Rd7+ Kg8 74. g4 Rc5+ 75. Kh6 Rc6+ 76. Kh5 Rb6 77. Re7 Ra6 78. Kg5 Rb6 79.
Kf5 Rb5+ 80. Kf6 Rb6+ 81. Re6 Rxe6+ 82. Kxe6 Kg7 83. Kf5 Kf7 84. Kg5 Kg7 1/2-1/2

[Event "Reykjavik Open 2015"]
[Site "Reykjavik ISL"]
[Date "2015.03.13"]
[Round "5.52"]
[White "Simpson, Ben"]
[Black "Ni, Shiqun"]
[Result "0-1"]
[BlackTitle "WIM"]
[WhiteElo "1843"]
[BlackElo "2315"]
[WhiteFideId "444405"]
[BlackFideId "8608466"]
[EventDate "2015.03.10"]

1. e4 c5 2. Nf3 Nc6 3. d4 cxd4 4. Nxd4 Nf6 5. Nc3 d6 6. Bc4 e6 7. Bb3 Be7 8. Be3
a6 9. a4 Qc7 10. Qe2 O-O 11. f3 Na5 12. Ba2 d5 13. exd5 e5 14. Nb3 Nc4 15. Nd2
Nxb2 16. Nde4 Nxe4 17. Nxe4 Nxa4 18. O-O Nc3 19. Qd3 Nxe4 20. fxe4 b5 21. c4
bxc4 22. Bxc4 a5 23. Rfc1 Bb4 24. Bb5 Qe7 25. Bb6 f5 26. Rc7 Qh4 27. Rc4 Rb8 28.
Qe3 f4 29. Qc1 f3 30. Bf2 Qg4 31. Bg3 Rxb5 32. gxf3 Qh3 33. Bxe5 Rb6 34. d6 Bxd6 0-1

[Event "Reykjavik Open 2015"]
[Site "Reykjavik ISL"]
[Date "2015.03.13"]
[Round "5.53"]
[White "Mamedjarova, Zeinab"]
[Black "Lux, Gregory"]
[Result "1-0"]
[WhiteTitle "WGM"]
[WhiteElo "2303"]
[BlackElo "2065"]
[WhiteFideId "13401521"]
[BlackFideId "619280"]
[EventDate "2015.03.10"]

1. d4 Nf6 2. e3 c5 3. f4 d6 4. Nf3 g6 5. Bc4 Bg7 6. O-O O-O 7. c3 b6 8. e4 Ba6
9. Bxa6 Nxa6 10. e5 Ne8 11. f5 dxe5 12. fxg6 hxg6 13. Qe2 Nac7 14. dxe5 Ne6 15.
Qe4 N8c7 16. Qh4 Qd7 17. Nbd2 f5 18. exf6 Bxf6 19. Qg4 Qd3 20. Ne4 Kg7 21. Ng3
Rh8 22. Bd2 Raf8 23. Rae1 Qd5 24. Re2 Qxa2 25. Rfe1 Qd5 26. h4 Kf7 27. Bf4 Nxf4
28. Qxf4 Na6 29. Rxe7+ Kg8 30. Qg4 Rh6 31. Rxa7 Nb8 32. Qe6+ Qxe6 33. Rxe6 Bd8
34. h5 Rh7 35. Rxg6+ Kh8 36. Rxh7+ Kxh7 37. Ne4 Rf5 38. Neg5+ Kh8 39. h6 Nd7 40.
Rg7 Bxg5 41. Nxg5 Ne5 42. c4 Rf6 43. Re7 Ng6 44. Rh7+ Kg8 45. Rg7+ 1-0

[Event "Reykjavik Open 2015"]
[Site "Reykjavik ISL"]
[Date "2015.03.13"]
[Round "5.54"]
[White "Carlsen, Henrik"]
[Black "Maisuradze, Nino"]
[Result "0-1"]
[BlackTitle "WGM"]
[WhiteElo "1986"]
[BlackElo "2302"]
[WhiteFideId "1502832"]
[BlackFideId "13601717"]
[EventDate "2015.03.10"]

1. d4 Nf6 2. c4 c5 3. d5 e6 4. Nc3 exd5 5. cxd5 d6 6. e4 g6 7. Nf3 Bg7 8. Bd3
Bg4 9. h3 Bxf3 10. Qxf3 O-O 11. O-O a6 12. a4 Nbd7 13. Qe2 Re8 14. f4 Rc8 15.
Bd2 c4 16. Bxc4 Nxe4 17. Nxe4 f5 18. Bd3 Nc5 19. Nf6+ Qxf6 20. Bc3 Rxe2 0-1

[Event "Reykjavik Open 2015"]
[Site "Reykjavik ISL"]
[Date "2015.03.13"]
[Round "5.55"]
[White "Ragnarsson, Dagur"]
[Black "Strand, Kjetil"]
[Result "1-0"]
[WhiteElo "2347"]
[BlackElo "2037"]
[WhiteFideId "2304058"]
[BlackFideId "1503111"]
[EventDate "2015.03.10"]

1. d4 d5 2. c4 c6 3. Nc3 Nf6 4. Nf3 dxc4 5. a4 Bf5 6. e3 e6 7. Bxc4 Bb4 8. O-O
Nbd7 9. Qb3 a5 10. Rd1 O-O 11. Ne5 Qe7 12. Nd3 Bd6 13. f4 Ne4 14. Nxe4 Bxe4 15.
Nf2 Bd5 16. e4 Bxc4 17. Qxc4 f5 18. e5 Bb4 19. Qb3 Nb6 20. Nd3 Nd5 21. Bd2 Rfd8
22. Bxb4 Nxb4 23. Nxb4 axb4 24. Rac1 b5 25. axb5 cxb5 26. Rc5 Rxd4 27. Rxd4 Qxc5
28. Qxe6+ Kh8 29. Qd5 Qc1+ 30. Rd1 Qe3+ 31. Kh1 Rg8 32. Qd4 Qe2 33. h3 h6 34.
Rc1 b3 35. Rc7 Kh7 36. Kh2 Kh8 37. Rf7 Qc4 38. Rd7 Rc8 39. Qe3 Re8 40. Rd3 Ra8
41. e6 Re8 42. Rd6 Re7 43. Qe5 Qe4 44. Qxe4 fxe4 45. f5 e3 46. Kg3 Kh7 47. Kf3
Rc7 48. Kxe3 Rc1 49. Ke2 Rc2+ 50. Kf3 Rc8 51. Kf4 Kg8 52. Rb6 Kf8 53. Rxb5 Rc2
54. Rxb3 Rxg2 55. Rb8+ Ke7 56. Rb7+ Kf8 57. b4 Re2 58. b5 g5+ 59. Kf3 Re5 60.
Rf7+ Ke8 61. b6 1-0

[Event "Reykjavik Open 2015"]
[Site "Reykjavik ISL"]
[Date "2015.03.13"]
[Round "5.56"]
[White "Gislason, Gudmundur"]
[Black "Thiry, Jean-Christophe"]
[Result "1-0"]
[WhiteTitle "FM"]
[WhiteElo "2321"]
[BlackElo "2031"]
[WhiteFideId "2300559"]
[BlackFideId "209015"]
[EventDate "2015.03.10"]

1. d4 d5 2. c4 e6 3. Nf3 Nf6 4. Nc3 Be7 5. Bf4 O-O 6. e3 Nbd7 7. Qc2 c5 8. cxd5
cxd4 9. exd4 Nxd5 10. Nxd5 exd5 11. Bd3 Bb4+ 12. Kf1 Nf6 13. h3 h6 14. Bc7 Qe7
15. Be5 Be6 16. Kg1 Rac8 17. Qa4 a6 18. Bxf6 gxf6 19. Qd1 f5 20. a3 Bd6 21. Qd2
Qf6 22. Re1 Kg7 23. Ne5 f4 24. Kh2 Rg8 25. Rhg1 Kh8 26. g3 fxg3+ 27. fxg3 Qg5
28. Qf2 Rg7 29. h4 Qe7 30. Qf4 Kg8 31. Qxh6 Bxe5 32. Rxe5 f6 33. Re3 Kf7 34. Bf5 1-0

[Event "Reykjavik Open 2015"]
[Site "Reykjavik ISL"]
[Date "2015.03.13"]
[Round "5.57"]
[White "Mihajlov, Sebastian"]
[Black "Cabello Aguilar, Enrique"]
[Result "1-0"]
[WhiteTitle "FM"]
[WhiteElo "2308"]
[BlackElo "2015"]
[WhiteFideId "1512110"]
[BlackFideId "2231115"]
[EventDate "2015.03.10"]

1. d4 Nf6 2. c4 c5 3. d5 b5 4. cxb5 a6 5. f3 d6 6. e4 g6 7. Na3 Bg7 8. Ne2 axb5
9. Nxb5 O-O 10. Nec3 Ne8 11. Be2 e5 12. dxe6 fxe6 13. O-O Nc6 14. Be3 Ba6 15.
Bc4 Qe7 16. a4 Kh8 17. Qe2 Nd4 18. Nxd4 cxd4 19. Bxa6 Nc7 20. Bb5 dxc3 21. bxc3
Bxc3 22. Rac1 Bg7 23. Bc6 Rab8 24. a5 Rb2 25. Rc2 Rfb8 26. Bb6 R8xb6 27. axb6
Bd4+ 28. Kh1 Rxb6 29. Qc4 e5 30. Ba4 Rb7 31. Bb3 Kg7 32. f4 Nb5 33. fxe5 Bxe5
34. Qg8+ Kh6 35. Rf7 1-0

[Event "Reykjavik Open 2015"]
[Site "Reykjavik ISL"]
[Date "2015.03.13"]
[Round "5.58"]
[White "Wahedi, Ahmad Siar"]
[Black "Gschwendtner, Stanislav"]
[Result "1-0"]
[WhiteTitle "FM"]
[WhiteElo "2287"]
[BlackElo "2009"]
[WhiteFideId "4651260"]
[BlackFideId "307297"]
[EventDate "2015.03.10"]

1. e4 c5 2. Nf3 Nc6 3. Bb5 e6 4. c3 Nge7 5. O-O a6 6. Ba4 b5 7. Bc2 e5 8. d4 d6
9. dxc5 dxc5 10. Qxd8+ Kxd8 11. a4 b4 12. Ng5 Ke8 13. Bb3 Nd8 14. Rd1 Nec6 15.
Bd5 Bb7 16. Be3 h6 17. Nf3 Ne6 18. Nxe5 Nxe5 19. Bxb7 Ra7 20. Bd5 Ng4 21. Bc1
Rd7 22. Bc6 1-0

[Event "Reykjavik Open 2015"]
[Site "Reykjavik ISL"]
[Date "2015.03.13"]
[Round "5.59"]
[White "Wahlbom, Magnus"]
[Black "Thorhallsson, Simon"]
[Result "0-1"]
[WhiteElo "2278"]
[BlackElo "2009"]
[WhiteFideId "1700685"]
[BlackFideId "2310090"]
[EventDate "2015.03.10"]

1. d4 d5 2. c4 c6 3. Nf3 Nf6 4. Nc3 e6 5. e3 Nbd7 6. Bd3 dxc4 7. Bxc4 b5 8. Bd3
Bb7 9. O-O a6 10. e4 c5 11. e5 cxd4 12. Nxb5 axb5 13. exf6 gxf6 14. Bxb5 Rg8 15.
g3 Qc7 16. Qe2 Bc5 17. Rd1 Ke7 18. Nxd4 Bxd4 19. Rxd4 Ne5 20. Bf4 Rgd8 21. Rxd8
Rxd8 22. Bxe5 fxe5 23. Rd1 Rd4 24. h4 Qc5 25. Rxd4 exd4 26. Qc4 Qe5 27. Bc6 Bxc6
28. Qxc6 d3 29. Qb7+ Kf8 30. Qc8+ Kg7 31. Qd8 Qe1+ 32. Kg2 Qe4+ 33. Kg1 h6 34.
Kh2 Qd5 0-1

[Event "Reykjavik Open 2015"]
[Site "Reykjavik ISL"]
[Date "2015.03.13"]
[Round "5.60"]
[White "Edvardsen, Ragnar"]
[Black "Kristinsson, Jon"]
[Result "1/2-1/2"]
[WhiteElo "2001"]
[BlackElo "2251"]
[WhiteFideId "1502719"]
[BlackFideId "2300141"]
[EventDate "2015.03.10"]

1. e4 e5 2. Nf3 Nc6 3. Bb5 a6 4. Ba4 Nf6 5. O-O Nxe4 6. d4 b5 7. Bb3 d5 8. dxe5
Be6 9. c3 Bc5 10. Nbd2 O-O 11. Nxe4 dxe4 12. Qxd8 Raxd8 13. Ng5 Bd5 14. Bf4 h6
15. Bxd5 Rxd5 16. Nxe4 Nxe5 17. Nxc5 Rxc5 18. Rad1 Nc4 19. b3 Nb6 20. Rd3 Re8
21. Be3 Rd5 22. Rfd1 Red8 23. Rxd5 Rxd5 24. Rxd5 Nxd5 25. Bd2 Kf8 26. Kf1 Ke7
27. Ke2 Kd6 28. Kd3 Nb6 29. Bf4+ Kc6 30. Kd4 Nd5 31. Bd2 1/2-1/2

[Event "Reykjavik Open 2015"]
[Site "Reykjavik ISL"]
[Date "2015.03.13"]
[Round "5.61"]
[White "Haugli, Petter"]
[Black "Murray, Michael A."]
[Result "1-0"]
[WhiteTitle "IM"]
[WhiteElo "2247"]
[BlackElo "2008"]
[WhiteFideId "1500104"]
[BlackFideId "2609126"]
[EventDate "2015.03.10"]

1. d4 Nc6 2. Nf3 e6 3. c4 Bb4+ 4. Nc3 d6 5. Bd2 Nf6 6. Qc2 O-O 7. a3 Bxc3 8.
Bxc3 Re8 9. e3 e5 10. d5 Ne7 11. e4 Ng6 12. g3 a5 13. b3 Rf8 14. Bg2 Ne8 15. O-O
f5 16. exf5 Bxf5 17. Qd2 Nf6 18. Ng5 Qe7 19. Bxa5 b6 20. Bb4 Rae8 21. f3 h5 22.
h4 Qd7 23. Rae1 Re7 24. a4 Rb8 25. Bc3 Qe8 26. Kh2 Nf8 27. Bh3 Qg6 28. Bxf5 Qxf5
29. Ne4 N8d7 30. Qg5 Qh7 31. b4 Rf7 32. Qe3 Nxe4 33. Qxe4 Rbf8 34. Qxh7+ Kxh7
35. Kg2 Ra8 36. Ra1 Kg6 37. a5 bxa5 38. Rxa5 Rxa5 39. bxa5 Nc5 40. Ra1 Na6 41.
Rb1 Rf8 42. Rb7 Ra8 43. g4 e4 44. gxh5+ Kxh5 45. fxe4 Kxh4 46. e5 dxe5 47. Bxe5
g5 48. Bxc7 Nxc7 49. Rxc7 Rxa5 50. d6 Ra2+ 51. Kf1 Rd2 52. c5 g4 53. Rh7+ Kg3
54. d7 Rd1+ 55. Ke2 Rd5 56. c6 Kg2 57. c7 1-0

[Event "Reykjavik Open 2015"]
[Site "Reykjavik ISL"]
[Date "2015.03.13"]
[Round "5.62"]
[White "Gyldenas, Ole Jorn"]
[Black "Ptacnikova, Lenka"]
[Result "0-1"]
[BlackTitle "WGM"]
[WhiteElo "1969"]
[BlackElo "2242"]
[WhiteFideId "1503847"]
[BlackFideId "305650"]
[EventDate "2015.03.10"]

1. Nf3 b5 2. d4 Bb7 3. g3 Nf6 4. Bg2 e6 5. O-O Be7 6. Bg5 h6 7. Bxf6 Bxf6 8. c3
O-O 9. Nbd2 d6 10. a4 a6 11. axb5 axb5 12. Qb3 Qd7 13. Rxa8 Bxa8 14. Ra1 Bb7 15.
Ra5 Ba6 16. Qa2 Qc8 17. e3 Bd8 18. Qb3 c5 19. Ra1 c4 20. Qa3 d5 21. e4 Bb7 22.
Qb4 Qc6 23. Ne5 Qb6 24. exd5 Bxd5 25. Bxd5 exd5 26. Ra8 Re8 27. Qc5 Qxc5 28.
dxc5 Bc7 29. Ndf3 Kf8 30. Ng4 Nd7 31. Ra7 Rc8 32. c6 Nc5 33. Ne3 Bb6 34. Ra1 Na4
35. Nxd5 Rxc6 36. Ne5 Rd6 37. Nxb6 Nxb6 38. Ra7 f6 39. Nf3 Na4 40. Nd4 Nxb2 41.
Rb7 Nd1 42. Nxb5 Rd2 43. f4 Rb2 44. Nd6 Rxb7 45. Nxb7 Ke7 46. Na5 Nb2 47. Kf2
Ke6 48. Ke3 Kd5 49. Nb7 Nd1+ 50. Kd2 Nf2 51. Na5 Ne4+ 52. Kc2 Nd6 0-1

[Event "Reykjavik Open 2015"]
[Site "Reykjavik ISL"]
[Date "2015.03.13"]
[Round "5.63"]
[White "Mehringer, Joerg"]
[Black "Morshedi, Ali"]
[Result "1/2-1/2"]
[BlackTitle "FM"]
[WhiteElo "1955"]
[BlackElo "2221"]
[WhiteFideId "12915351"]
[BlackFideId "2021730"]
[EventDate "2015.03.10"]

1. e4 e5 2. Nf3 Nc6 3. Bc4 Nf6 4. Ng5 d5 5. exd5 Na5 6. Bb5+ c6 7. dxc6 bxc6 8.
Bd3 Nd5 9. Nf3 Bd6 10. O-O O-O 11. Re1 Re8 12. Nc3 Bg4 13. Nxd5 cxd5 14. Be2 Nc6
15. d3 Qf6 16. Bg5 Qg6 17. Bh4 Rab8 18. Rb1 e4 19. dxe4 dxe4 20. Nd4 Nxd4 21.
Bxg4 Nxc2 22. Bh5 Qh6 23. Qxc2 Qxh5 24. Rxe4 Rxe4 25. Qxe4 Rxb2 26. Bg3 Qd5 27.
Qe1 Rxb1 28. Qxb1 Bf8 29. h3 a5 30. a4 Qc5 1/2-1/2

[Event "Reykjavik Open 2015"]
[Site "Reykjavik ISL"]
[Date "2015.03.13"]
[Round "5.64"]
[White "Johannesson, Oliver"]
[Black "Hansen, Lars-Henrik Bech"]
[Result "1-0"]
[WhiteElo "2212"]
[BlackElo "1994"]
[WhiteFideId "2305623"]
[BlackFideId "1402021"]
[EventDate "2015.03.10"]

1. d4 g6 2. c4 Nf6 3. Nc3 Bg7 4. Nf3 c5 5. d5 d6 6. e4 O-O 7. Bf4 Nbd7 8. h3 Qa5
9. Bd2 Qd8 10. Bd3 Nh5 11. Be2 a6 12. a4 e5 13. g3 Rb8 14. Nh2 Ndf6 15. Ng4 Nxg4
16. hxg4 Nf6 17. Bg5 Qd7 18. Qd2 Re8 19. Rh4 Qc7 20. Kf1 Nd7 21. Kg2 f6 22. Be3
Nf8 23. Rb1 Bd7 24. b4 b6 25. Rhh1 Rec8 26. Rb3 Qd8 27. Rhb1 Qe8 28. Qb2 Ra8 29.
a5 cxb4 30. Rxb4 bxa5 31. Rb6 f5 32. Rxd6 f4 33. Bb6 Qe7 34. c5 Qg5 35. c6 Bxg4
36. Bxg4 Qxg4 37. Qe2 Qg5 38. Bxa5 h5 39. Na4 h4 40. g4 Ra7 41. Rb7 Rxb7 42.
cxb7 Rc2 43. Qf3 h3+ 44. Kh2 Qh4 45. Bb6 Ra2 46. b8=Q Ra3 47. Qxa3 1-0

[Event "Reykjavik Open 2015"]
[Site "Reykjavik ISL"]
[Date "2015.03.13"]
[Round "5.65"]
[White "Babijczuk, Pawel"]
[Black "Schou-Moldt, Thomas"]
[Result "1-0"]
[WhiteElo "1950"]
[BlackElo "2211"]
[WhiteFideId "1129120"]
[BlackFideId "1401297"]
[EventDate "2015.03.10"]

1. d3 d5 2. e4 Nf6 3. Nd2 c5 4. Be2 Nc6 5. c3 e6 6. Ngf3 Be7 7. O-O O-O 8. exd5
exd5 9. d4 b6 10. Bb5 Qc7 11. Bxc6 Qxc6 12. Ne5 Qb7 13. h3 Bf5 14. g4 Bd7 15. f4
Bb5 16. Re1 Rad8 17. Qf3 cxd4 18. cxd4 Bb4 19. Qb3 a5 20. a3 Bxd2 21. Bxd2 Ba6
22. f5 Ne4 23. Bf4 Kh8 24. Rac1 Rc8 25. Rxc8 Rxc8 26. Rxe4 Bc4 27. Nxc4 dxe4 28.
Nd6 a4 29. Nxf7+ Kg8 30. Qe6 Kf8 31. Bd6+ Kg8 32. Nd8+ 1-0

[Event "Reykjavik Open 2015"]
[Site "Reykjavik ISL"]
[Date "2015.03.13"]
[Round "5.66"]
[White "Quillien, Emmanuel"]
[Black "Vigdal, Per Kr"]
[Result "1-0"]
[WhiteElo "2202"]
[BlackElo "1985"]
[WhiteFideId "616524"]
[BlackFideId "1504681"]
[EventDate "2015.03.10"]

1. c4 Nf6 2. g3 e6 3. Bg2 d5 4. Nf3 Nbd7 5. b3 c6 6. Bb2 Be7 7. O-O O-O 8. d3 c5
9. Nbd2 Rb8 10. d4 b6 11. dxc5 bxc5 12. cxd5 exd5 13. Ne5 Bb7 14. Nxd7 Qxd7 15.
Qc2 Rbc8 16. Rad1 Qb5 17. Rfe1 c4 18. bxc4 dxc4 19. Bxf6 Bxf6 20. Rb1 Qxb1 21.
Rxb1 Bxg2 22. Kxg2 c3 23. Ne4 Be5 24. f4 Bd4 25. Rd1 Bb6 26. Rd3 Ba5 27. Nxc3
Rfe8 28. Kf3 h5 29. Qb3 g5 30. fxg5 Re5 31. g6 Rf5+ 32. Kg2 Kg7 33. gxf7 h4 34.
gxh4 1-0

[Event "Reykjavik Open 2015"]
[Site "Reykjavik ISL"]
[Date "2015.03.13"]
[Round "5.67"]
[White "Baldvinsson, Loftur"]
[Black "Arnold, Max"]
[Result "1-0"]
[WhiteElo "1945"]
[BlackElo "2189"]
[WhiteFideId "2301261"]
[BlackFideId "24682810"]
[EventDate "2015.03.10"]

1. e4 c5 2. Nf3 Nc6 3. d4 cxd4 4. Nxd4 e5 5. Nb5 d6 6. N1c3 a6 7. Na3 Be7 8. Be3
Nf6 9. Nd5 Nxd5 10. exd5 Nd4 11. Bxd4 exd4 12. Qxd4 O-O 13. O-O-O Bf6 14. Qb4 b5
15. Bd3 Qc7 16. g4 Bd7 17. h4 Rfe8 18. g5 Be5 19. f4 a5 20. Qd2 Bd4 21. Bxh7+
Kxh7 22. Qxd4 Bf5 23. Rde1 Rec8 24. c3 b4 25. Nb1 Rab8 26. h5 Qc4 27. g6+ Kg8
28. Re8+ Rxe8 29. gxf7+ Kxf7 30. Qxc4 Rbc8 31. Qa6 a4 32. Rg1 Re7 33. Rg5 Bxb1
34. Qxc8 1-0

[Event "Reykjavik Open 2015"]
[Site "Reykjavik ISL"]
[Date "2015.03.13"]
[Round "5.68"]
[White "Zhou, Qiyu"]
[Black "Masungwini, Michael T"]
[Result "0-1"]
[WhiteTitle "WFM"]
[WhiteElo "2182"]
[BlackElo "1972"]
[WhiteFideId "505161"]
[BlackFideId "14308231"]
[EventDate "2015.03.10"]

1. e4 e5 2. Nf3 Nc6 3. Bb5 a6 4. Ba4 Nf6 5. O-O Nxe4 6. d4 b5 7. Bb3 d5 8. dxe5
Be6 9. Nbd2 Nc5 10. c3 Nd3 11. Qe2 Nxc1 12. Rfxc1 Bc5 13. a4 Rb8 14. Bc2 Qd7 15.
axb5 axb5 16. b4 Be7 17. Bd3 Nd8 18. Ra7 Bg4 19. h3 Bh5 20. Qf1 Nc6 21. Ra6 Nd8
22. Nd4 c6 23. f4 O-O 24. g4 Bxg4 25. hxg4 Qxg4+ 26. Kh2 Qh4+ 27. Qh3 Qxf4+ 28.
Kh1 g6 29. N4f3 d4 30. Ra7 dxc3 31. Rxe7 cxd2 32. Rg1 Kg7 33. Ng5 Qxg5 34. Rxg5
d1=Q+ 35. Rg1 Qd2 36. e6 Qh6 37. Qxh6+ Kxh6 38. exf7 Rxf7 39. Re8 Rf4 40. Rd1
Rd4 41. Be2 Rxd1+ 42. Bxd1 Kg7 43. Bb3 Ra8 44. Re7+ Kf6 45. Rxh7 Ra3 46. Bg8 Rd3
47. Rc7 Rd6 48. Kg2 Ne6 49. Rf7+ Kg5 50. Re7 Nd4 51. Re5+ Kf4 52. Rc5 Nf5 53.
Bf7 g5 54. Kf2 g4 55. Rc1 g3+ 56. Kg1 Ne3 57. Be8 Rd4 58. Bxc6 Rxb4 59. Bd7 Rb2
60. Bc6 b4 61. Bb5 b3 62. Bd3 Rd2 63. Bg6 b2 64. Re1 Rd1 65. Rxd1 Nxd1 0-1